Cagliari Calcio Squad 2025-2026 - Statistics

General Stats
  • This quiz has been taken 228 times
    120 since last reset
  • The average score is 18 of 36
Answer Stats
# Position Nation Player % Correct
1 GK Italy Elia Caprile
87%
2 MF Italy Marco Palestra
84%
26 DF Colombia Yerry Mina
82%
77 FW Angola Zito Luvumbo
79%
94 FW Italy Sebastiano Esposito
75%
9 FW Turkey Semih Kılıçsoy
75%
28 DF Italy Gabriele Zappa
74%
- Coach Italy Fabio Pisacane
72%
33 DF Slovakia Adam Obert
68%
10 MF Italy Gianluca Gaetano
66%
8 MF France Michel Adopo
66%
6 DF Italy Sebastiano Luperto
63%
32 DF Portugal Zé Pedro
59%
12 GK Albania Alen Sherri
57%
25 MF Ghana Ibrahim Sulemana
56%
29 FW Italy Gennaro Borrelli
54%
30 FW Italy Leonardo Pavoletti
54%
90 MF Italy Michael Folorunsho
51%
14 MF Italy Alessandro Deiola
50%
22 DF Italy Alberto Dossena
46%
31 GK Serbia Boris Radunović
46%
15 DF Uruguay Juan Rodríguez
46%
4 MF Italy Luca Mazzitelli
46%
16 MF Italy Matteo Prati
46%
3 DF Italy Riyad Idrissi
44%
19 FW Italy Andrea Belotti
43%
20 MF Croatia Marko Rog
40%
17 FW Italy Mattia Felici
31%
37 FW France Yael Trepy
29%
24 GK Italy Giuseppe Ciocci
28%
27 MF Zambia Joseph Liteta
24%
20 FW Uruguay Agustín Albarracín
16%
18 DF Netherlands Othniël Raterink
13%
18 DF Italy Alessandro Di Pardo
10%
23 DF Italy Nicola Pintus
9%
21 MF Italy Nicolò Cavuoti
7%
No matching quizzes found
Score Distribution
Percent of People with Each Score
Percentile by Number Answered
Your Score History
You have not taken this quiz since the last reset